LEADER 01125nam0-2200337---450 001 990008419940403321 005 20241104124727.0 010 $a0674995031$bbooks IV-VII 010 $a9780674994959$bbooks I-III 035 $a000841994 100 $a20061116g19719999km-y0itay50------ba 101 2 $alat$aeng 102 $aUS 105 $aa---a---001hy 200 1 $aNatural quaestions$fSeneca$gwith an English translation by Thomas H. Corcoran 210 $aCambridge, Massachussetts$aLondon$cHarvard University Press$d1971 215 $av.$d17 cm 225 1 $a<>Loeb classical library$v450$v457 327 0 $a1.: Books I-III-$a2.: Books IV-VII 500 10$aNaturales quaestiones$m$913506 676 $a870.1$v22$zita 700 1$aSeneca,$bLucius Annaeus$f<5/4 a.C.-65 d.C.>$07130 702 1$aCorcoran,$bThomas H. 801 0$aIT$bUNINA$gRICA$2UNIMARC 901 $aBK 912 $a990008419940403321 952 $aP2B 640 LCL 450$bBibl. 2018$fFLFBC 952 $aP2B 640 LCL 457$bBibl. 53991$fFLFBC 959 $aFLFBC 996 $aNaturales quaestiones$913506 997 $aUNINA